Absprachen in ausländischen Strafverfahren: eine rechtsvergleichende Untersuchung zu konsensualen Elementen im Strafprozeß
| Main Author: | |
|---|---|
| Format: | Print Book |
| Language: | German |
| Published: |
Freiburg/Breisgau
Max-Planck-Inst. für Ausländ. u. Internat. Strafrecht
1990
|
| In: |
Beiträge und Materialien aus dem Max-Planck-Institut für Ausländisches und Internationales Strafrecht Freiburg (S 19)
Year: 1990 |
| Availability in Tübingen: | Present in Tübingen. IFK: S XCIII 19 |
| Check availability: | HBZ Gateway |
| Subito Delivery Service: | Order now. |
| Keywords: |
MARC
| LEADER | 00000cam a2200000 c 4500 | ||
|---|---|---|---|
| 001 | 273700723 | ||
| 003 | DE-627 | ||
| 005 | 20260206194923.0 | ||
| 007 | tu | ||
| 008 | 900903s1990 gw ||||| 00| ||ger c | ||
| 015 | |a 90,N34,0242 |2 dnb | ||
| 015 | |a 91,B02,0273 |2 dnb | ||
| 016 | 7 | |a 901131318 |2 DE-101 | |
| 020 | |a 3922498795 |9 3-922498-79-5 | ||
| 035 | |a (DE-627)273700723 | ||
| 035 | |a (DE-603)013079778 | ||
| 035 | |a (DE-576)021502188 | ||
| 035 | |a (DE-599)GBV273700723 | ||
| 035 | |a (OCoLC)611721429 | ||
| 035 | |a (OCoLC)29753643 | ||
| 035 | |a (OCoLC)311319051 | ||
| 035 | |a (OCoLC)611721429 | ||
| 035 | |a (OCoLC)29753643 | ||
| 040 | |a DE-627 |b ger |c DE-627 |e rakwb | ||
| 041 | |a ger | ||
| 044 | |c XA-DE | ||
| 050 | 0 | |a KK9590 | |
| 082 | 0 | |a 344.30572 | |
| 082 | 0 | |a 345.43/072 | |
| 082 | 0 | |a 345.43072 |a 344.30572 |q LoC |2 DDC20oclc | |
| 084 | |a 19 |2 sdnb | ||
| 084 | |a PH 6030 |2 rvk |0 (DE-625)rvk/136212: | ||
| 084 | |a PH 6050 |2 rvk |0 (DE-625)rvk/136214: | ||
| 100 | 1 | |a Weigend, Thomas |d 1949- |0 (DE-588)130380695 |0 (DE-627)500180784 |0 (DE-576)163505195 |4 aut | |
| 109 | |a Weigend, Thomas 1949- | ||
| 245 | 1 | 0 | |a Absprachen in ausländischen Strafverfahren |b eine rechtsvergleichende Untersuchung zu konsensualen Elementen im Strafprozeß |c von Thomas Weigend |
| 264 | 1 | |a Freiburg/Breisgau |b Max-Planck-Inst. für Ausländ. u. Internat. Strafrecht |c 1990 | |
| 300 | |a IX, 122 S. | ||
| 336 | |a Text |b txt |2 rdacontent | ||
| 337 | |a ohne Hilfsmittel zu benutzen |b n |2 rdamedia | ||
| 338 | |a Band |b nc |2 rdacarrier | ||
| 490 | 1 | |a Beiträge und Materialien aus dem Max-Planck-Institut für Ausländisches und Internationales Strafrecht Freiburg i. Br. |v S 19 | |
| 500 | |a Literaturverz. S. 109 - 122 | ||
| 583 | 1 | |a Archivierung prüfen |c 20240324 |f DE-4165 |z 3 |2 pdager | |
| 650 | 0 | 7 | |0 (DE-588)4115712-6 |0 (DE-627)104262664 |0 (DE-576)209495464 |a Rechtsvergleich |2 gnd |
| 650 | 0 | 7 | |0 (DE-588)4116634-6 |0 (DE-627)105805297 |0 (DE-576)209503203 |a Strafverfahren |2 gnd |
| 650 | 0 | 7 | |0 (DE-588)4122399-8 |0 (DE-627)105762725 |0 (DE-576)209551062 |a Verständigung |2 gnd |
| 653 | 0 | |a Plea bargaining |a Germany (West) | |
| 653 | 0 | |a PLea bargaining | |
| 689 | 0 | 0 | |d s |0 (DE-588)4116634-6 |0 (DE-627)105805297 |0 (DE-576)209503203 |a Strafverfahren |2 gnd |
| 689 | 0 | 1 | |d s |0 (DE-588)4122399-8 |0 (DE-627)105762725 |0 (DE-576)209551062 |a Verständigung |2 gnd |
| 689 | 0 | |5 (DE-627) | |
| 689 | 1 | 0 | |d s |0 (DE-588)4116634-6 |0 (DE-627)105805297 |0 (DE-576)209503203 |a Strafverfahren |2 gnd |
| 689 | 1 | 1 | |d s |0 (DE-588)4122399-8 |0 (DE-627)105762725 |0 (DE-576)209551062 |a Verständigung |2 gnd |
| 689 | 1 | 2 | |d s |0 (DE-588)4115712-6 |0 (DE-627)104262664 |0 (DE-576)209495464 |a Rechtsvergleich |2 gnd |
| 689 | 1 | |5 (DE-627) | |
| 810 | 2 | |a Max-Planck-Institut für Ausländisches und Internationales Strafrecht |t Beiträge und Materialien aus dem Max-Planck-Institut für Ausländisches und Internationales Strafrecht Freiburg |v S 19 |9 19 |w (DE-627)13045947X |w (DE-576)012248738 |w (DE-600)722803-X |x 0930-7907 |7 am | |
| 889 | |w (DE-627)022709886 | ||
| 935 | |i mdedup | ||
| 935 | |i Blocktest | ||
| 935 | |h HEB |i 0501 | ||
| 935 | |h HEB |i 0503 | ||
| 936 | r | v | |a PH 6030 |b Sonstige Einzeldarstellungen |k Rechtswissenschaft |k Strafrecht, Strafverfahrensrecht, Kriminologie |k Vergleichendes und ausländisches Straf- und Strafprozessrecht einschliesslich Strafvollzug |k Rechtsvergleich |k Sonstige Einzeldarstellungen |0 (DE-627)1272237400 |0 (DE-625)rvk/136212: |0 (DE-576)202237400 |
| 936 | r | v | |a PH 6050 |b Vergleichendes Strafprozessrecht |k Rechtswissenschaft |k Strafrecht, Strafverfahrensrecht, Kriminologie |k Vergleichendes und ausländisches Straf- und Strafprozessrecht einschliesslich Strafvollzug |k Rechtsvergleich |k Vergleichendes Strafprozessrecht |0 (DE-627)1272128768 |0 (DE-625)rvk/136214: |0 (DE-576)202128768 |
| 936 | s | n | |a p100 |2 mzub |
| 951 | |a BO | ||
| ELC | |b 1 | ||
| LOK | |0 000 xxxxxcx a22 zn 4500 | ||
| LOK | |0 001 3343051942 | ||
| LOK | |0 003 DE-627 | ||
| LOK | |0 004 273700723 | ||
| LOK | |0 005 20020607000000 | ||
| LOK | |0 008 940901||||||||||||||||ger||||||| | ||
| LOK | |0 040 |a DE-21-110 |c DE-627 |d DE-21-110 | ||
| LOK | |0 852 |a DE-21-110 | ||
| LOK | |0 852 1 |c S XCIII 19 |m p |9 00 | ||
| LOK | |0 935 |a k110 | ||
| LOK | |0 936ln |a 4.6.5 | ||
| LOK | |0 938 |k p | ||
| LOK | |0 939 |a 01-09-94 |b l01 | ||
| ORI | |a SA-MARC-krimdoka001.raw | ||
| SIG | |a IFK: S XCIII 19 | ||
